000 00717nam a22002177a 4500
999 _c16764
_d16764
003 AR-CdUCM
008 190506b ||||| |||| 00| 0 spa d
040 _aMUNICIPALIDAD PROVINCIAL DEL CUSCO
_cBIBLIOTECA MUNICIPAL DEL CUSCO
082 _a828.913 /
_bL419
100 _aLawrence, David Herbert
_911903
245 _aLa mujer y la bestia :
_bnovela /
260 _aBuenos Aires :
_bEl ombu,
_c1933.
300 _a190 páginas ;
_c17 cm.
440 _aBiblioteca de autores extranjeros contemporáneos
_936411
505 _aContenido: Novela argentina.
650 _aNovela argentina
_99108
650 _aLiteratura argentina
_984
650 _aArgentina
_9511
942 _2ddc
_cLIBROS
945 _adavv
_d06/05/2019